La diversidad biológica y los medios de vida : (Registro nro. 8540)
[ vista simple ]
| 000 -CABECERA | |
|---|---|
| Campo de control | 01303nam a22002777a 4500 |
| 005 - FECHA Y HORA DE LA ULTIMA TRANSACCION | |
| Campo de control | 20140710142747.0 |
| 008 - ELEMENTOS DE LONGITUD FIJA—INFORMACION GENERAL | |
| Campo de control | 140710b2011 -ca||||| |||| 00| 0 eng d |
| 020 ## - ISBN | |
| ISBN | 9292253476 |
| 041 ## - IDIOMA | |
| Código de idioma para texto/pista de sonido o título separado | Inglés |
| 044 ## - PAÍS DE PUBLICACIÓN | |
| País de publicación | Canadá |
| 082 04 - NUMERO DE CLASIFICACION DECIMAL DEWEY | |
| Número de clasificación | 631.87 |
| Número del ítem | D61d |
| 245 00 - MENCION DE TITULO | |
| Título | La diversidad biológica y los medios de vida : |
| Parte restante del título | beneficios de REDD-plus. |
| 260 ## - PUBLICACION, DISTRIBUCION, ETC. (PIE DE IMPRENTA) | |
| Lugar de publicación, distribución, etc. | Canadá |
| Nombre del editor, distribuidor, etc. | Secretaría del Convenio sobre la Diversidad Biológica |
| -- | Deutsche Gesellschaft für Internationale Zusammenarbeit (giz) GmbH |
| Fecha de publicación, distribución, etc. | 2011 |
| 300 ## - DESCRIPCION FISICA | |
| Extensión | 40 p |
| Otros detalles físicos | il. (col), mapas |
| Dimensiones | 28 cm. |
| 520 ## - NOTA DE RESUMEN, ETC. | |
| Nota de resumen | Esta publicación demuestra cómo las medidas y las políticas de REDD-plus pueden simultáneamente hacer frente al cambio climático, a la pérdida de la diversidad biológica y a la pobreza. (proporcionados por el editor) |
| 650 #6 - ASIENTO SECUNDARIO DE MATERIA - TERMINO TEMATICO | |
| Término temático o nombre geográfico como elemento de entrada | Diversidad biológica |
| Subdivisión general | cooperación internacional |
| 650 #6 - ASIENTO SECUNDARIO DE MATERIA - TERMINO TEMATICO | |
| Término temático o nombre geográfico como elemento de entrada | Gestión forestal |
| Subdivisión general | países en desarrollo |
| 650 #6 - ASIENTO SECUNDARIO DE MATERIA - TERMINO TEMATICO | |
| Término temático o nombre geográfico como elemento de entrada | Conservación de la diversidad biológica |
| Subdivisión general | países en desarrollo |
| 650 #6 - ASIENTO SECUNDARIO DE MATERIA - TERMINO TEMATICO | |
| Término temático o nombre geográfico como elemento de entrada | Cambios climáticos |
| 650 #6 - ASIENTO SECUNDARIO DE MATERIA - TERMINO TEMATICO | |
| Término temático o nombre geográfico como elemento de entrada | Gestión forestal |
| 650 #6 - ASIENTO SECUNDARIO DE MATERIA - TERMINO TEMATICO | |
| Término temático o nombre geográfico como elemento de entrada | Diversidad biológica forestal |
| 650 #6 - ASIENTO SECUNDARIO DE MATERIA - TERMINO TEMATICO | |
| Término temático o nombre geográfico como elemento de entrada | Pobreza |
| Subdivisión general | política del gobierno |
| 650 #6 - ASIENTO SECUNDARIO DE MATERIA - TERMINO TEMATICO | |
| Término temático o nombre geográfico como elemento de entrada | Secuestro del carbono |
| 650 #6 - ASIENTO SECUNDARIO DE MATERIA - TERMINO TEMATICO | |
| Término temático o nombre geográfico como elemento de entrada | silvicultura sostenible |
| 942 ## - ELEMENTOS ADICIONALES (KOHA) | |
| Sistema de clasificación | Dewey Decimal Classification |
| Tipo de ítem | Impreso |
| Withdrawn status | Lost status | Sistema de Clasificación | Damaged status | No para préstamo | Colección | Inventariado | Ubicación Permanente | Ubicación actual | Fecha de adquisición | Fuente de Valor | Valor | Total Checkouts | Número topográfico | Inventario / Código de Barras | Date last seen | Ejemplar | Price effective from | Forma de adquisición | Tipo de material |
|---|---|---|---|---|---|---|---|---|---|---|---|---|---|---|---|---|---|---|---|
| Dewey Decimal Classification | General | Inventariado 2017 | Sala Fabio Quevedo | Sala Fabio Quevedo | 10/07/2014 | Instituto | 39000.00 | LB-631.87 D61d | 034180 | 10/07/2014 | Ej. 1 | 10/07/2014 | Libro |